Ultimate Car Brands Quiz - Statistics

General Stats
  • This quiz has been taken 188 times
  • The average score is 36 of 100
Answer Stats
Letter Country Answer % Correct
A Germany Audi
89%
B Germany BMW
89%
F Italy Ferrari
88%
L Italy Lamborghini
84%
F USA Ford
83%
T Japan Toyota
81%
H Japan Honda
80%
M Germany Mercedes-Benz
80%
A Italy Alfa Romeo
76%
V Sweden Volvo
75%
V Germany Volkswagen
74%
B United Kingdom Bentley
73%
C USA Chevrolet
73%
H South Korea Hyundai
73%
D USA Dodge
71%
A United Kingdom Aston Martin
70%
N Japan Nissan
69%
F Italy Fiat
68%
P Germany Porsche
67%
M Japan Mazda
66%
P France Peugeot
66%
K South Korea Kia
65%
B France Bugatti
63%
R France Renault
63%
M Japan Mitsubishi
61%
C France Citroën
59%
R United Kingdom Rolls Royce
59%
T USA Tesla
59%
O Germany Opel
58%
M Italy Maserati
57%
J United Kingdom Jaguar
56%
S Japan Suzuki
56%
S Czechia Škoda
55%
S Japan Subaru
54%
C USA Cadillac
51%
M United Kingdom Mini
49%
L United Kingdom Land Rover
46%
L Russia Lada
45%
S Sweden Saab
45%
G USA GMC
43%
K Sweden Koenigsegg
43%
M United Kingdom McLaren
42%
T India Tata
38%
P Italy Pagani
37%
R USA Ram
37%
P USA Pontiac
36%
V United Kingdom Vauxhall
35%
H Australia Holden
34%
I Japan Isuzu
34%
A Italy Abarth
32%
A France Alpine
30%
L Italy Lancia
30%
L United Kingdom Lotus
30%
D Japan Daihatsu
29%
B China BYD
28%
G South Korea Genesis
26%
S USA Saturn
23%
M Germany Maybach
22%
P Sweden Polestar
22%
G China Geely
20%
R United Kingdom Rover
18%
S South Korea SsangYong
18%
H USA Hennessey
17%
A USA AMC
16%
K Austria KTM
16%
M United Kingdom Morgan
16%
R Croatia Rimac
16%
A Germany Alpina
15%
D France DS Automobiles
15%
M India Mahindra
15%
C Spain Cupra
14%
Z Denmark Zenvo
14%
P USA Plymouth
13%
W UAE W Motors
13%
A United Kingdom Ariel
12%
S Netherlands Spyker
12%
G China Great Wall
11%
T Czechia Tatra
11%
C United Kingdom Caterham
10%
T East Germany Trabant
10%
D Netherlands Donkervoort
9%
N United Kingdom Noble
9%
G Germany Gumpert
8%
N China NIO
8%
R USA Rivian
8%
S USA Saleen
8%
Z Yugoslavia Zastava
7%
G USA Geo
5%
L USA Lucid Motors
5%
W Germany Wiesmann
5%
B United Kingdom BAC
4%
L China Lynk & Co
4%
C Italy Cizeta Automobili
3%
M USA Mosler Automotive
3%
R Germany RUF
3%
V Mexico VUHL
3%
M East Germany Melkus
2%
T Turkey TOGG
2%
V USA Vector
2%
G United Kingdom Gordon Murray Automotive
0%
No matching quizzes found
Score Distribution
Percent of People with Each Score
Percentile by Number Answered
Your Score History
You have not taken this quiz